Auditorium acoustics and architectural design / (Record no. 352546)
[ view plain ]
| 000 -LEADER | |
|---|---|
| fixed length control field | 00868 a2200265 4500 |
| 003 - CONTROL NUMBER IDENTIFIER | |
| control field | OSt |
| 005 - DATE AND TIME OF LATEST TRANSACTION | |
| control field | 20180116192338.0 |
| 008 - FIXED-LENGTH DATA ELEMENTS--GENERAL INFORMATION | |
| fixed length control field | 120516t xxu||||| |||| 00| 0 eng d |
| 010 ## - LIBRARY OF CONGRESS CONTROL NUMBER | |
| LC control number | 2009002327 |
| 020 ## - INTERNATIONAL STANDARD BOOK NUMBER | |
| International Standard Book Number | 9780419245100 (hbk. : alk. paper) |
| 020 ## - INTERNATIONAL STANDARD BOOK NUMBER | |
| International Standard Book Number | 9780203874226 (ebk.) |
| 040 ## - CATALOGING SOURCE | |
| Transcribing agency | 0 |
| 082 00 - DEWEY DECIMAL CLASSIFICATION NUMBER | |
| Classification number | 725.81 |
| 100 1# - MAIN ENTRY--PERSONAL NAME | |
| Personal name | Barron, Michael, |
| 9 (RLIN) | 1448 |
| 245 10 - TITLE STATEMENT | |
| Title | Auditorium acoustics and architectural design / |
| Statement of responsibility, etc. | Michael Barron. |
| 250 ## - EDITION STATEMENT | |
| Edition statement | 2nd ed. |
| 260 ## - PUBLICATION, DISTRIBUTION, ETC. | |
| Place of publication, distribution, etc. | London ; |
| -- | New York : |
| Name of publisher, distributor, etc. | Spon Press/Taylor & Francis, |
| Date of publication, distribution, etc. | 2010. |
| 300 ## - PHYSICAL DESCRIPTION | |
| Extent | xiv, 489 p. |
| Other physical details | ill., charts, pland |
| Dimensions | 26 cm. |
| 500 ## - GENERAL NOTE | |
| General note | Includes index |
| 650 #0 - SUBJECT ADDED ENTRY--TOPICAL TERM | |
| Topical term or geographic name entry element | Architectural acoustics. |
| 9 (RLIN) | 1449 |
| 650 #0 - SUBJECT ADDED ENTRY--TOPICAL TERM | |
| Topical term or geographic name entry element | Music-halls |
| Geographic subdivision | Great Britain. |
| 9 (RLIN) | 1450 |
| 650 #0 - SUBJECT ADDED ENTRY--TOPICAL TERM | |
| Topical term or geographic name entry element | Music-halls. |
| 9 (RLIN) | 1451 |
| 942 ## - ADDED ENTRY ELEMENTS (KOHA) | |
| Institution code [OBSOLETE] | SADA |
| Koha item type | Book |
| Call number prefix | 725.81 BAR 2010 |
| Source of classification or shelving scheme | |
| Withdrawn status | Lost status | Source of classification or shelving scheme | Damaged status | Not for loan | Permanent Location | Current Location | Date acquired | Total Checkouts | Total Renewals | Full call number | Barcode | Date last seen | Date last checked out | Cost, replacement price | Price effective from | Koha item type |
|---|---|---|---|---|---|---|---|---|---|---|---|---|---|---|---|---|
| School of Art Design and Architecture (SADA) | School of Art Design and Architecture (SADA) | 11/24/2010 | 3 | 1 | 725.81 BAR 2010 | SADA0000425 | 05/27/2015 | 04/24/2015 | 8488.00 | 08/05/2011 | Book |
